[Event "VI  Miedzynarodowy Festiwal Szachowy   M"]
[Site "Lazy"]
[Date "2010.06.30"]
[Round "4.7"]
[White "Zakoscielna, Kinga"]
[Black "Reshetnikov, Evgeny"]
[Result "0-1"]
[WhiteElo "2040"]
[BlackElo "2280"]
[PlyCount "46"]
[EventDate "2010.??.??"]

1. e4 c5 2. Nf3 Nc6 3. Nc3 d6 4. d4 cxd4 5. Nxd4 Nf6 6. Be2 e6 7. O-O Be7 8.
Kh1 O-O 9. f4 a6 10. Be3 Qc7 11. Qe1 Nxd4 12. Bxd4 b5 13. Bd3 Bb7 14. e5 Nd7
15. Qg3 dxe5 16. fxe5 Nc5 17. Bxc5 Qxc5 18. Rae1 Qb4 19. Rf4 Qxb2 20. Rg4 g6
21. Bxg6 fxg6 22. Rxg6+ Kh8 23. Rg7 Qxc2 0-1

[Event "VI  Miedzynarodowy Festiwal Szachowy   M"]
[Site "Lazy"]
[Date "2010.06.30"]
[Round "4.8"]
[White "Korosciel, Aneta"]
[Black "Shishkin, Vadim"]
[Result "0-1"]
[WhiteElo "2041"]
[BlackElo "2513"]
[PlyCount "108"]
[EventDate "2010.??.??"]

1. e4 c5 2. Nf3 Nc6 3. Bb5 g6 4. O-O Bg7 5. c3 a6 6. Bxc6 dxc6 7. d3 Nf6 8. h3
O-O 9. Qe2 b6 10. Bf4 Re8 11. Ne5 Bb7 12. Na3 a5 13. Rfd1 Nh5 14. Bh2 Bxe5 15.
Bxe5 f6 16. Bh2 e5 17. d4 exd4 18. cxd4 cxd4 19. Qc4+ Kh8 20. Rxd4 Qe7 21. Re1
Rad8 22. Nc2 Ng7 23. e5 f5 24. e6 c5 25. Rxd8 Qxd8 26. Be5 Qd5 27. Qxd5 Bxd5
28. Bc7 b5 29. a3 Be4 30. Ne3 a4 31. e7 Rxe7 32. Bd6 Rd7 33. Bxc5 Ne6 34. Bb4
Nf4 35. Bc3+ Kg8 36. f3 Bd3 37. Kf2 Kf7 38. Be5 g5 39. h4 Ng6 40. Bc3 gxh4 41.
Nd1 Bc4 42. Ne3 Bd3 43. Nd1 f4 44. Bb4 Bc4 45. Kg1 h3 46. gxh3 Nh4 47. Kf2 Rd3
48. Rg1 Rxf3+ 49. Ke1 Rxh3 50. Rg4 Rh1+ 51. Kd2 Rh2+ 52. Kc3 Ng6 53. Bd6 Rh3+
54. Kc2 Bb3+ 0-1

[Event "VI  Miedzynarodowy Festiwal Szachowy   M"]
[Site "Lazy"]
[Date "2010.06.30"]
[Round "4.9"]
[White "Karbowiak, Adam"]
[Black "Samolins, Vitalijs"]
[Result "0-1"]
[WhiteElo "2209"]
[BlackElo "2426"]
[PlyCount "46"]
[EventDate "2010.??.??"]

1. Nf3 f5 2. g3 Nf6 3. Bg2 g6 4. d4 Bg7 5. b4 O-O 6. Bb2 a5 7. a3 d5 8. Nbd2
Ne4 9. O-O c6 10. Nb3 a4 11. Nc5 Nxc5 12. bxc5 Nd7 13. c4 Nxc5 14. cxd5 cxd5
15. Ne5 Nb3 16. Rb1 e6 17. e3 b6 18. Bf3 Ba6 19. Be2 Bxe5 20. dxe5 Bxe2 21.
Qxe2 Qc7 22. Bd4 Qc4 23. Qf3 Nd2 0-1

[Event "VI  Miedzynarodowy Festiwal Szachowy   M"]
[Site "Lazy"]
[Date "2010.06.30"]
[Round "4.10"]
[White "Mazalon, Mariusz"]
[Black "Skalik, Przemyslaw"]
[Result "0-1"]
[WhiteElo "2093"]
[BlackElo "2390"]
[PlyCount "56"]
[EventDate "2010.??.??"]

1. d4 d5 2. c4 dxc4 3. e3 Nf6 4. Bxc4 e6 5. Nf3 a6 6. a4 b6 7. O-O Bb7 8. Nc3
Bb4 9. Qe2 O-O 10. Bd3 c5 11. dxc5 Bxc5 12. e4 Nbd7 13. Bg5 Qb8 14. Rad1 h6 15.
Bc1 Rc8 16. Bb1 Bb4 17. Na2 Bd6 18. Rfe1 Ne5 19. Nxe5 Bxe5 20. f4 Bxf4 21. e5
Bxc1 22. exf6 Bf4 23. Qh5 Rc5 24. Qh3 Rg5 25. Be4 gxf6 26. Nc3 f5 27. Bf3 Bxf3
28. Qxf3 Bxh2+ 0-1

[Event "VI  Miedzynarodowy Festiwal Szachowy   M"]
[Site "Lazy"]
[Date "2010.06.30"]
[Round "4.11"]
[White "Kukula, Pawel"]
[Black "Kmiecik, Wojciech"]
[Result "1-0"]
[WhiteElo "2261"]
[BlackElo "2026"]
[PlyCount "119"]
[EventDate "2010.??.??"]

1. d4 e6 2. Nf3 Nf6 3. Nbd2 d5 4. e3 Be7 5. Bd3 Nbd7 6. O-O O-O 7. c3 c5 8. Ne5
Nxe5 9. dxe5 Nd7 10. f4 f5 11. exf6 Bxf6 12. e4 c4 13. Bc2 Nc5 14. e5 Be7 15.
Nf3 g6 16. Nd4 Bd7 17. Qg4 Qe8 18. f5 exf5 19. Bxf5 Bxf5 20. Nxf5 Qd7 21. Nxe7+
Qxe7 22. Bh6 Rxf1+ 23. Rxf1 Qe6 24. Qf3 Nd7 25. h3 Re8 26. a4 b6 27. Rf2 Rd8
28. h4 Rc8 29. Qf4 Rd8 30. g4 Re8 31. Qf3 Rd8 32. Kg2 Re8 33. Kh3 Rd8 34. Rf1
Re8 35. Rd1 Nxe5 36. Qxd5 Qxd5 37. Rxd5 Nf7 38. Bf4 Rd8 39. Rb5 Rd3+ 40. Kg2
Nd8 41. Rb4 Nb7 42. Rxc4 Nc5 43. a5 Kf7 44. b4 Ne6 45. axb6 axb6 46. Bh6 Kf6
47. Rc6 b5 48. Bf4 h5 49. gxh5 gxh5 50. Bg3 Kf5 51. Rc8 Kg4 52. Rg8+ Kf5 53.
Rb8 Rd5 54. Kf2 Ke4 55. Ke2 Nf4+ 56. Bxf4 Kxf4 57. Rg8 Re5+ 58. Kd2 Kf3 59. Rg5
Re2+ 60. Kd3 1-0

[Event "VI  Miedzynarodowy Festiwal Szachowy   M"]
[Site "Lazy"]
[Date "2010.06.30"]
[Round "4.12"]
[White "Kotlowski, Tomasz"]
[Black "Kulon, Klaudia"]
[Result "1/2-1/2"]
[WhiteElo "2028"]
[BlackElo "2230"]
[PlyCount "61"]
[EventDate "2010.??.??"]

1. d4 d5 2. c4 e6 3. Nc3 c6 4. e4 dxe4 5. Nxe4 Bb4+ 6. Nc3 Nf6 7. a3 Bxc3+ 8.
bxc3 Qa5 9. Bd2 O-O 10. Nf3 Nbd7 11. Be2 e5 12. O-O Ne4 13. Qc2 Nxd2 14. Nxd2
Nf6 15. f4 exd4 16. cxd4 Re8 17. Nb3 Qc7 18. Bd3 g6 19. h3 Nh5 20. f5 Nf4 21.
fxg6 hxg6 22. Rf3 Nxd3 23. Qxd3 Bf5 24. Qd2 Be4 25. Rf4 Rad8 26. Nc5 Bf5 27.
Rxf5 gxf5 28. Qg5+ Kf8 29. Qh6+ Kg8 30. Qg5+ Kf8 31. Qh6+ 1/2-1/2

[Event "VI  Miedzynarodowy Festiwal Szachowy   M"]
[Site "Lazy"]
[Date "2010.06.30"]
[Round "4.13"]
[White "Andrzejewska, Anna"]
[Black "Jurkowski, Marcin"]
[Result "0-1"]
[WhiteElo "2006"]
[BlackElo "1996"]
[PlyCount "88"]
[EventDate "2010.??.??"]

1. e4 c5 2. Nf3 d6 3. d4 cxd4 4. Nxd4 Nf6 5. Nc3 a6 6. Bg5 Nbd7 7. f3 e6 8. Qd2
Qc7 9. O-O-O Nc5 10. Kb1 Bd7 11. g4 Be7 12. h4 b5 13. Bd3 b4 14. Nce2 Na4 15.
h5 h6 16. Be3 Rb8 17. Ka1 a5 18. Rdg1 Nc5 19. g5 hxg5 20. Bxg5 Rxh5 21. Ng3 Rh7
22. Rxh7 Nxh7 23. Bxe7 Kxe7 24. e5 Nxd3 25. Qxd3 dxe5 26. Qxh7 exd4 27. Qxg7
Qf4 28. Ne2 Qxf3 29. Nxd4 Qf6 30. Qg4 Rh8 31. Re1 Kf8 32. Nf3 Bc6 33. Ng5 Qf2
34. Rg1 Qxg1+ 35. Qxg1 Rh1 36. Qxh1 Bxh1 37. c3 bxc3 38. bxc3 Bd5 39. Kb2 f5
40. Nh3 e5 41. a3 Ke7 42. Nf2 Bc4 43. Kc2 Ke6 44. Nd1 f4 0-1

[Event "VI  Miedzynarodowy Festiwal Szachowy   M"]
[Site "Lazy"]
[Date "2010.06.30"]
[Round "4.14"]
[White "Kucypera, Malgorzata"]
[Black "Sokolowski, Ryszard"]
[Result "1-0"]
[WhiteElo "2068"]
[BlackElo "2143"]
[PlyCount "59"]
[EventDate "2010.??.??"]

1. e4 c5 2. Nf3 e6 3. d4 cxd4 4. Nxd4 a6 5. Bd3 Bc5 6. Nb3 Be7 7. O-O d6 8. Nc3
Nd7 9. f4 Ngf6 10. a4 b6 11. Qe2 Qc7 12. Bd2 Bb7 13. Rae1 O-O 14. Rf3 Nc5 15.
Nxc5 Qxc5+ 16. Kh1 b5 17. Rh3 e5 18. axb5 axb5 19. Bxb5 exf4 20. Bxf4 Qb4 21.
b3 Nxe4 22. Bc4 Nxc3 23. Qxe7 Ne4 24. Qh4 h6 25. Rf1 Qc5 26. Bxh6 Ra1 27. Bxf7+
Rxf7 28. Qd8+ Kh7 29. Bxg7+ Kg6 30. Rh6+ 1-0

[Event "VI  Miedzynarodowy Festiwal Szachowy   M"]
[Site "Lazy"]
[Date "2010.07.01"]
[Round "5.1"]
[White "Neiksans, Arturs"]
[Black "Orzech, Dominik"]
[Result "1-0"]
[WhiteElo "2481"]
[BlackElo "2425"]
[PlyCount "107"]
[EventDate "2010.??.??"]

1. e4 e5 2. Nf3 Nc6 3. d4 exd4 4. Nxd4 Bc5 5. Nb3 Bb6 6. Nc3 Qf6 7. Qe2 Nge7 8.
Be3 O-O 9. O-O-O d6 10. Kb1 Be6 11. f4 Rfe8 12. g3 Bxe3 13. Qxe3 a6 14. Bg2 b5
15. e5 dxe5 16. fxe5 Qg6 17. Qc5 Bf5 18. Ne2 Be4 19. Nf4 Qf5 20. Bxe4 Qxe4 21.
e6 Rad8 22. exf7+ Kxf7 23. Rde1 Qc4 24. Ne6 Rc8 25. Qg5 Ng6 26. Nd2 Qxe6 27.
Rxe6 Rxe6 28. Nf3 Nce7 29. Qh5 h6 30. Nh4 Rd8 31. Nxg6 Nxg6 32. b3 Kg8 33. Rd1
Rde8 34. Rd7 c6 35. Ra7 Rf8 36. Rxa6 Kh7 37. Qc5 Rff6 38. a4 bxa4 39. bxa4 Ne7
40. Rb6 Nd5 41. Rb3 Re1+ 42. Ka2 Rff1 43. Qd4 Rd1 44. Qe4+ Kg8 45. Rb8+ Kf7 46.
Qe5 Nf6 47. a5 Rd5 48. Qc7+ Kg6 49. Rb7 Kf5 50. a6 Rc5 51. a7 Rxc2+ 52. Rb2
Rff2 53. Qf4+ Rxf4 54. gxf4 1-0

[Event "VI  Miedzynarodowy Festiwal Szachowy   M"]
[Site "Lazy"]
[Date "2010.07.01"]
[Round "5.2"]
[White "Sharapov, Evgeny"]
[Black "Mulet, Piotr"]
[Result "1-0"]
[WhiteElo "2498"]
[BlackElo "2320"]
[PlyCount "127"]
[EventDate "2010.??.??"]

1. e4 e6 2. d4 d5 3. Nc3 Bb4 4. e5 c5 5. a3 Bxc3+ 6. bxc3 Qa5 7. Bd2 Qa4 8. Nf3
Nc6 9. Rb1 c4 10. g3 Qxa3 11. Bh3 h6 12. O-O Qf8 13. Nh4 g6 14. Qf3 b6 15. Ra1
Qg7 16. Ng2 Bb7 17. Nf4 O-O-O 18. Bc1 Nge7 19. Ba3 Nf5 20. g4 Nh4 21. Qg3 g5
22. Nh5 Qg6 23. f4 Qxc2 24. fxg5 hxg5 25. Rxf7 Rh7 26. Rc1 Qg6 27. Rf6 Qd3 28.
Qxd3 cxd3 29. Bf1 Ba6 30. Rd1 Na5 31. Bxd3 Bxd3 32. Rxd3 Nc4 33. Bc1 a5 34. Kf2
Kd7 35. Kg3 Rg8 36. Rf2 Rxh5 37. gxh5 Nf5+ 38. Kg4 Nh6+ 39. Kg3 Nf5+ 40. Kg4
Nh6+ 41. Kh3 g4+ 42. Kg3 Nf5+ 43. Kf4 a4 44. Rg2 b5 45. Rxg4 Rf8 46. Rg6 a3 47.
Bxa3 Nxa3 48. Rf6 Rh8 49. Rh3 Rh7 50. h6 Nc2 51. Kg5 Ne7 52. Rf2 Na3 53. Ra2 b4
54. cxb4 Nb5 55. Rd2 Ke8 56. Kf6 Nc7 57. Ra2 Rf7+ 58. Kg5 Rf5+ 59. Kg4 Ng6 60.
h7 Nh8 61. b5 Kd7 62. b6 Ne8 63. b7 Kc7 64. Rb3 1-0

[Event "VI  Miedzynarodowy Festiwal Szachowy   M"]
[Site "Lazy"]
[Date "2010.07.01"]
[Round "5.3"]
[White "Mickiewicz, Piotr"]
[Black "Kanarek, Marcel"]
[Result "0-1"]
[WhiteElo "2322"]
[BlackElo "2387"]
[PlyCount "126"]
[EventDate "2010.??.??"]

1. e4 c5 2. Nf3 Nc6 3. d3 g6 4. g3 Bg7 5. Bg2 d6 6. O-O Nf6 7. c3 O-O 8. Re1
Rb8 9. Nbd2 b5 10. a3 e5 11. b4 Nd7 12. Bb2 a5 13. Rc1 Nb6 14. Rc2 axb4 15.
cxb4 Na4 16. Ba1 Be6 17. Qb1 Nd4 18. Nxd4 cxd4 19. Nb3 Bh6 20. Na5 Rc8 21. f4
Nc3 22. Qc1 exf4 23. Bxc3 Rxc3 24. Rxc3 dxc3 25. Qxc3 Qb6+ 26. d4 fxg3 27. hxg3
Rc8 28. Qd3 Bg7 29. Rd1 Bg4 30. Rd2 Rc1+ 31. Kh2 Bh6 32. Rf2 Rd1 33. Qb3 d5 34.
Qxd5 Be6 35. Qc5 Qxc5 36. dxc5 Be3 37. Rf1 Rd3 38. Bh3 Rd2+ 39. Bg2 Rd3 40. Bh3
Rd2+ 41. Bg2 Ra2 42. Re1 Rxa3 43. Re2 Bxc5 44. bxc5 Rxa5 45. Rb2 Bc4 46. c6 Ra7
47. e5 Kf8 48. Bh3 Ke7 49. Rd2 Rc7 50. Rd6 b4 51. Bg2 b3 52. g4 b2 53. Be4 Ba2
54. Rd1 Ke6 55. Re1 Bd5 56. Bxd5+ Kxd5 57. Rb1 Rxc6 58. Rxb2 Kxe5 59. Kg3 Kf6
60. Rb5 h6 61. Rb3 Rc5 62. Rf3+ Kg7 63. Kh4 h5 0-1

[Event "VI  Miedzynarodowy Festiwal Szachowy   M"]
[Site "Lazy"]
[Date "2010.07.01"]
[Round "5.4"]
[White "Daskevics, Vadims"]
[Black "Weichhold, Pawel"]
[Result "1-0"]
[WhiteElo "2386"]
[BlackElo "2190"]
[PlyCount "135"]
[EventDate "2010.??.??"]

1. d4 Nf6 2. c4 g6 3. g3 Bg7 4. Bg2 O-O 5. Nc3 d6 6. Nf3 Nc6 7. O-O Bf5 8. d5
Na5 9. Nd4 Bd7 10. Qd3 c5 11. Nc2 a6 12. Rb1 Rb8 13. Bd2 b5 14. b3 bxc4 15.
bxc4 Qc7 16. e4 Ng4 17. f4 Bd4+ 18. Nxd4 cxd4 19. Qxd4 Nxc4 20. Ne2 Nxd2 21.
Qxd2 Qc5+ 22. Nd4 Qa3 23. Rb3 Rxb3 24. axb3 Rc8 25. h3 Nf6 26. e5 Ne8 27. Qf2
Bb5 28. Re1 Rc1 29. Kh2 Rxe1 30. Qxe1 Qc5 31. Qe4 Kf8 32. g4 Qc1 33. Nf3 Qb2
34. Qd4 Qc1 35. exd6 exd6 36. Kg3 Kg8 37. Qd2 Qb1 38. Qc3 Bd7 39. Ng5 Bb5 40.
Qe3 h6 41. Ne4 Kf8 42. Nd2 Qa1 43. Nf3 Qb2 44. Nd4 Nf6 45. Bf3 Qa1 46. Nc2 Qb1
47. Nd4 Qb2 48. Nxb5 axb5 49. Qb6 Kg7 50. Qxd6 Qd2 51. Qe5 g5 52. fxg5 hxg5 53.
d6 Kg6 54. Qf5+ Kg7 55. Qe5 Kg6 56. b4 Qd3 57. Kg2 Qd2+ 58. Kg3 Qd3 59. Kg2
Qd2+ 60. Be2 Nd5 61. Kf3 f6 62. Qe4+ Kf7 63. d7 Nc7 64. Bd3 Qd1+ 65. Kg2 Qd2+
66. Kg3 Ne6 67. Qg6+ Kf8 68. Qxf6+ 1-0

[Event "VI  Miedzynarodowy Festiwal Szachowy   M"]
[Site "Lazy"]
[Date "2010.07.01"]
[Round "5.5"]
[White "Shishkin, Vadim"]
[Black "Reshetnikov, Evgeny"]
[Result "1-0"]
[WhiteElo "2513"]
[BlackElo "2280"]
[PlyCount "57"]
[EventDate "2010.??.??"]

1. d4 Nf6 2. c4 e6 3. Nc3 Bb4 4. Qc2 c5 5. dxc5 Bxc5 6. Nf3 d5 7. Bg5 dxc4 8.
e4 Qa5 9. Bxc4 Nc6 10. O-O a6 11. e5 Nd7 12. Rad1 O-O 13. Bf4 Nb4 14. Qe4 Be7
15. a3 Nc6 16. Ba2 Bxa3 17. Ng5 g6 18. bxa3 Qxc3 19. Nxe6 Nc5 20. Nxc5 Qxc5 21.
e6 fxe6 22. Bh6 Qf5 23. Qe3 Re8 24. Rfe1 a5 25. Rd6 a4 26. Qc3 Qf7 27. Rdxe6
Bxe6 28. Rxe6 Ne5 29. Qxe5 1-0

[Event "VI  Miedzynarodowy Festiwal Szachowy   M"]
[Site "Lazy"]
[Date "2010.07.01"]
[Round "5.6"]
[White "Malisauskas, Vidmantas"]
[Black "Socko, Monika"]
[Result "1/2-1/2"]
[WhiteElo "2503"]
[BlackElo "2485"]
[PlyCount "98"]
[EventDate "2010.??.??"]

1. e4 c5 2. Nf3 Nc6 3. d4 cxd4 4. Nxd4 g6 5. c4 Bg7 6. Be3 d6 7. Nc3 Nf6 8. Be2
O-O 9. O-O Bd7 10. Qd2 Nxd4 11. Bxd4 Bc6 12. f3 a5 13. Rab1 Nd7 14. Be3 Nc5 15.
b3 Qb6 16. Rfc1 Rfc8 17. Rc2 h5 18. Nd5 Qd8 19. Bg5 Bxd5 20. exd5 Bf6 21. Be3
Kh7 22. Bf1 Qd7 23. Re1 Qf5 24. Rcc1 Rd8 25. Qc2 Qd7 26. Bf2 Rdc8 27. Qb1 Qd8
28. g3 Qh8 29. Rcd1 Re8 30. f4 Qg7 31. Bg2 Rab8 32. Bf3 Qh6 33. Kg2 Kg7 34. h4
Qh8 35. Qc2 Nd7 36. Re4 Kf8 37. Be1 b6 38. Re2 Rbc8 39. Qd3 Rc7 40. Bf2 Rec8
41. a4 Nc5 42. Qb1 Qh6 43. Be3 Qg7 44. Rf1 Bd4 45. Bc1 f5 46. Rd1 Bf6 47. Be3
Qf7 48. Bf2 Qg7 49. Qc2 Rb8 1/2-1/2

[Event "VI  Miedzynarodowy Festiwal Szachowy   M"]
[Site "Lazy"]
[Date "2010.07.01"]
[Round "5.7"]
[White "Skalik, Przemyslaw"]
[Black "Starostits, Ilmars"]
[Result "0-1"]
[WhiteElo "2390"]
[BlackElo "2474"]
[PlyCount "62"]
[EventDate "2010.??.??"]

1. Nf3 d5 2. d4 Nc6 3. g3 Bg4 4. Bg2 Qd7 5. h3 Bh5 6. O-O e6 7. c3 Bd6 8. Nbd2
Nf6 9. b4 Ne4 10. Nxe4 dxe4 11. Ng5 f5 12. g4 Bg6 13. Qb3 Nd8 14. gxf5 exf5 15.
d5 h6 16. Ne6 Nxe6 17. dxe6 Qe7 18. f3 exf3 19. Rxf3 O-O 20. Bf4 Rad8 21. Rd1
Bxf4 22. Rxd8 Rxd8 23. Rxf4 c6 24. Rd4 Re8 25. Rd7 Qg5 26. Qc4 Qe3+ 27. Kh1
Rxe6 28. Rxb7 Bf7 29. Bf3 Rg6 30. Qd4 Qc1+ 31. Kh2 Qe1 0-1

[Event "VI  Miedzynarodowy Festiwal Szachowy   M"]
[Site "Lazy"]
[Date "2010.07.01"]
[Round "5.8"]
[White "Samolins, Vitalijs"]
[Black "Kukula, Pawel"]
[Result "1-0"]
[WhiteElo "2426"]
[BlackElo "2261"]
[PlyCount "117"]
[EventDate "2010.??.??"]

1. e4 c5 2. Nc3 a6 3. g3 b5 4. Bg2 Bb7 5. Nh3 e6 6. O-O Nf6 7. Re1 d6 8. d3 Nc6
9. f4 b4 10. Na4 Be7 11. f5 e5 12. b3 h6 13. Nb2 a5 14. a3 Nd4 15. Be3 O-O 16.
Qd2 Ng4 17. Bxd4 exd4 18. Nc4 Bf6 19. axb4 axb4 20. Rxa8 Bxa8 21. Nf2 Bg5 22.
Qe2 Ne3 23. h4 Nxg2 24. Kxg2 Bf6 25. Kh2 Re8 26. Ng4 Bc6 27. Qd2 Bb5 28. Qf4
Bxc4 29. Nxf6+ Qxf6 30. bxc4 Ra8 31. e5 dxe5 32. Rxe5 Ra2 33. Rxc5 Rxc2+ 34.
Kh3 Kh7 35. Qe4 Rf2 36. Rb5 h5 37. Rxb4 Qa6 38. Rb8 Qf6 39. Rb5 Kh6 40. Rc5 Kh7
41. Rb5 Kh6 42. Rc5 Kh7 43. Rd5 Rf1 44. c5 Rf2 45. Qxd4 Qc6 46. Qxf2 Qxd5 47.
d4 Qh1+ 48. Qh2 Qf3 49. Qg2 Qxf5+ 50. Kh2 Qd3 51. c6 f5 52. d5 f4 53. gxf4 Qe3
54. Qc2+ Kh6 55. c7 Qxf4+ 56. Kg2 Qg4+ 57. Kf1 Qf4+ 58. Ke2 Qe5+ 59. Kd1 1-0

[Event "VI  Miedzynarodowy Festiwal Szachowy   M"]
[Site "Lazy"]
[Date "2010.07.01"]
[Round "5.9"]
[White "Pacuszka, Tomasz"]
[Black "Zakoscielna, Kinga"]
[Result "1-0"]
[WhiteElo "2295"]
[BlackElo "2040"]
[PlyCount "105"]
[EventDate "2010.??.??"]

1. b4 e5 2. Bb2 Bxb4 3. Bxe5 Nf6 4. e3 Nc6 5. Bb2 O-O 6. Nf3 d5 7. Be2 Bf5 8.
O-O Re8 9. d3 Qe7 10. a4 Rad8 11. Nbd2 h6 12. Nb3 Bg6 13. a5 Bd6 14. Qc1 Ne5
15. a6 b6 16. Nxe5 Bxe5 17. Bxe5 Qxe5 18. Nd4 Qd6 19. c4 c5 20. Nb5 Qd7 21. Rd1
d4 22. e4 Re7 23. Qf4 Rde8 24. Bf3 Bh5 25. h3 Bxf3 26. Qxf3 Nh7 27. Qg3 Re6 28.
f4 f5 29. e5 Kh8 30. Nd6 Rf8 31. Qf3 g5 32. Qb7 Re7 33. Qxd7 Rxd7 34. g3 Kg7
35. Rf1 Kg6 36. Rae1 gxf4 37. gxf4 Nf6 38. Kf2 Ne8 39. Rg1+ Kh7 40. Nb5 Nc7 41.
Nxc7 Rxc7 42. h4 Rff7 43. h5 Rg7 44. Ke2 Rc6 45. Kd2 Kg8 46. Kc2 Rcc7 47. Kb3
Kf8 48. Ka4 Rc6 49. Kb5 Re6 50. Rxg7 Kxg7 51. Rg1+ Kf7 52. Rg2 Ke7 53. Rg7+ 1-0

[Event "VI  Miedzynarodowy Festiwal Szachowy   M"]
[Site "Lazy"]
[Date "2010.07.01"]
[Round "5.10"]
[White "Kulon, Klaudia"]
[Black "Kucypera, Malgorzata"]
[Result "1-0"]
[WhiteElo "2230"]
[BlackElo "2068"]
[PlyCount "83"]
[EventDate "2010.??.??"]

1. e4 c5 2. Nf3 Nc6 3. d4 cxd4 4. Nxd4 Nf6 5. Nc3 d6 6. Bg5 e6 7. Qd2 a6 8.
O-O-O Bd7 9. f3 h6 10. Be3 b5 11. Bd3 Qc7 12. g4 Nxd4 13. Bxd4 b4 14. Ne2 e5
15. Bf2 Be6 16. Kb1 Rb8 17. h4 d5 18. g5 dxe4 19. fxe4 Ng4 20. Bg3 Bc5 21. Nc1
a5 22. Qe2 Be3 23. Nb3 O-O 24. gxh6 a4 25. hxg7 Rfc8 26. Nd2 a3 27. Nc4 Bd4 28.
b3 Kxg7 29. Be1 Qc5 30. Rh3 Kf8 31. Rf3 Ke7 32. Bd2 Rh8 33. Rdf1 f6 34. Rh1 Nf2
35. Rf1 Bg4 36. R1xf2 Bxf3 37. Rxf3 Rxh4 38. Rf1 Rg8 39. Qe1 Rb8 40. Qxh4 Rf8
41. Qe1 Rb8 42. Be3 1-0

[Event "VI  Miedzynarodowy Festiwal Szachowy   M"]
[Site "Lazy"]
[Date "2010.07.01"]
[Round "5.11"]
[White "Jurkowski, Marcin"]
[Black "Kotlowski, Tomasz"]
[Result "0-1"]
[WhiteElo "1996"]
[BlackElo "2028"]
[PlyCount "92"]
[EventDate "2010.??.??"]

1. d4 g6 2. c4 Bg7 3. Nc3 d6 4. e4 Nc6 5. Nf3 e5 6. d5 Nce7 7. Be2 f5 8. exf5
Bxf5 9. Nh4 Nf6 10. Nxf5 Nxf5 11. O-O O-O 12. Bd3 c6 13. Bxf5 gxf5 14. dxc6
bxc6 15. Qf3 Qd7 16. Rd1 Kh8 17. Bg5 Rab8 18. Rab1 h6 19. Bh4 Ne8 20. Rd2 e4
21. Qe3 f4 22. Qxe4 Qg4 23. Be7 Bxc3 24. bxc3 Rxb1+ 25. Qxb1 f3 26. g3 Rf7 27.
Bxd6 Rb7 28. Be5+ Kg8 29. Qf1 Qe4 30. Bf4 Nf6 31. h3 Rb1 32. Rd1 Rb2 33. c5
Rxa2 34. Rd4 Qe2 35. Rd1 Ne4 36. Re1 Qxf2+ 37. Qxf2 Nxf2 38. h4 Ng4 39. Rf1
Rg2+ 40. Kh1 Nf2+ 41. Rxf2 Rxf2 42. Bxh6 a5 43. Kg1 Rg2+ 44. Kf1 a4 45. Bc1 Rc2
46. Ba3 Rxc3 0-1

[Event "VI  Miedzynarodowy Festiwal Szachowy   M"]
[Site "Lazy"]
[Date "2010.07.01"]
[Round "5.12"]
[White "Kmiecik, Wojciech"]
[Black "Korosciel, Aneta"]
[Result "1/2-1/2"]
[WhiteElo "2026"]
[BlackElo "2041"]
[PlyCount "66"]
[EventDate "2010.??.??"]

1. e4 e5 2. Nf3 Nf6 3. Nc3 Bb4 4. Nxe5 O-O 5. Be2 Re8 6. Nf3 Bxc3 7. bxc3 Nxe4
8. O-O b6 9. Bb2 Bb7 10. d4 d5 11. c4 Ba6 12. Re1 dxc4 13. c3 f6 14. Nd2 Nxd2
15. Qxd2 Nc6 16. Bf3 Qd7 17. h3 Rad8 18. Rxe8+ Rxe8 19. Re1 Ne5 20. Bg4 Nxg4
21. hxg4 Bb7 22. Ba3 Re6 23. f3 Qe8 24. Rxe6 Qxe6 25. Kf2 h6 26. Qf4 Qd7 27.
Qe3 Kf7 28. Qf4 Bd5 29. Ke2 Kg8 30. Qd2 Qa4 31. Bc1 h5 32. g5 Qe8+ 33. Kf2 Qg6
1/2-1/2

[Event "VI  Miedzynarodowy Festiwal Szachowy   M"]
[Site "Lazy"]
[Date "2010.07.01"]
[Round "5.13"]
[White "Karbowiak, Adam"]
[Black "Andrzejewska, Anna"]
[Result "1-0"]
[WhiteElo "2209"]
[BlackElo "2006"]
[PlyCount "93"]
[EventDate "2010.??.??"]

1. Nf3 d5 2. g3 Nf6 3. Bg2 c6 4. O-O Bf5 5. d3 e6 6. c4 Be7 7. Nc3 h6 8. Be3
dxc4 9. dxc4 Qxd1 10. Rfxd1 Nbd7 11. Bf4 O-O-O 12. Ne5 Nxe5 13. Bxe5 Rxd1+ 14.
Rxd1 Rd8 15. Rxd8+ Kxd8 16. e4 Bh7 17. Bd4 a6 18. f3 Ne8 19. Kf2 Bf6 20. Ke3
Bxd4+ 21. Kxd4 Nf6 22. c5 Nd7 23. e5 Ke7 24. f4 g5 25. fxg5 hxg5 26. Be4 Bf5
27. h4 gxh4 28. gxh4 Bg4 29. b4 Bh5 30. Bg2 f6 31. exf6+ Nxf6 32. Ne4 Nxe4 33.
Kxe4 Kf6 34. Bh3 Bg6+ 35. Kf4 Bh5 36. Bg2 Bg6 37. Bf3 Bb1 38. a3 Bg6 39. h5 Bh7
40. Be4 e5+ 41. Kf3 Bg8 42. h6 Be6 43. Kg3 Bd7 44. Kh4 Be6 45. h7 Kg7 46. Kg5
Bd5 47. Kf5 1-0

[Event "VI  Miedzynarodowy Festiwal Szachowy   M"]
[Site "Lazy"]
[Date "2010.07.01"]
[Round "5.14"]
[White "Gluszko, Monika"]
[Black "Mazalon, Mariusz"]
[Result "1-0"]
[WhiteElo "2012"]
[BlackElo "2093"]
[PlyCount "77"]
[EventDate "2010.??.??"]

1. e4 c5 2. Nf3 d6 3. d4 cxd4 4. Qxd4 Nc6 5. Bb5 Bd7 6. Bxc6 Bxc6 7. Nc3 Nf6 8.
Bg5 e6 9. O-O-O Be7 10. Rhe1 h6 11. Bxf6 Bxf6 12. Qxd6 Qxd6 13. Rxd6 Bxc3 14.
bxc3 Ke7 15. Rd4 Rhc8 16. Kb2 Be8 17. Red1 Rc5 18. Nd2 Rac8 19. Rd3 f6 20. Nb3
Re5 21. f3 a5 22. Nd4 Rc7 23. g4 g6 24. Re1 Rec5 25. f4 e5 26. Nb3 Rb5 27. a4
Rb6 28. fxe5 Bxa4 29. exf6+ Rxf6 30. Rh3 Be8 31. Nxa5 h5 32. gxh5 gxh5 33. Nb3
Bf7 34. e5 Rf4 35. Nd4 Rc5 36. Rhe3 Bg6 37. Rg1 Rg4 38. Ra1 Bxc2 39. Nxc2 1-0

[Event "VI  Miedzynarodowy Festiwal Szachowy   M"]
[Site "Lazy"]
[Date "2010.07.01"]
[Round "6.8"]
[White "Reshetnikov, Evgeny"]
[Black "Socko, Monika"]
[Result "1/2-1/2"]
[WhiteElo "2280"]
[BlackElo "2485"]
[PlyCount "78"]
[EventDate "2010.??.??"]

1. d4 Nf6 2. c4 e6 3. Nf3 c5 4. e3 d5 5. Nc3 Nc6 6. a3 Ne4 7. Qc2 cxd4 8. Nxe4
dxe4 9. Qxe4 f5 10. Qc2 e5 11. exd4 e4 12. d5 exf3 13. dxc6 Bc5 14. Be3 Bxe3
15. fxe3 O-O 16. Qf2 Qa5+ 17. b4 Qe5 18. Rc1 bxc6 19. Qxf3 Qb2 20. Rd1 Qxa3 21.
b5 Be6 22. bxc6 f4 23. exf4 Qb4+ 24. Kf2 Qc5+ 25. Kg3 g5 26. h3 Rxf4 27. Qe2
Re8 28. Kh2 Qxc6 29. Qe5 Rf5 30. Qd6 Rc8 31. Qxc6 Rxc6 32. Rd8+ Rf8 33. Rxf8+
Kxf8 34. Bd3 Bxc4 35. Rc1 Bd5 36. Rxc6 Bxc6 37. Bxh7 a5 38. Bc2 Ke7 39. g4 a4
1/2-1/2

[Event "VI  Miedzynarodowy Festiwal Szachowy   M"]
[Site "Lazy"]
[Date "2010.07.01"]
[Round "6.9"]
[White "Kotlowski, Tomasz"]
[Black "Karbowiak, Adam"]
[Result "1/2-1/2"]
[WhiteElo "2028"]
[BlackElo "2209"]
[PlyCount "97"]
[EventDate "2010.??.??"]

1. e4 e6 2. d4 d5 3. Nd2 dxe4 4. Nxe4 Bd7 5. Nf3 Bc6 6. Bd3 Nd7 7. Qe2 Ngf6 8.
O-O Be7 9. Bd2 O-O 10. c4 Nxe4 11. Bxe4 Bxe4 12. Qxe4 c6 13. Bc3 Bf6 14. Ne5
Qc7 15. a4 Rfd8 16. f4 c5 17. Nxd7 Rxd7 18. d5 exd5 19. cxd5 Bxc3 20. bxc3 c4
21. Rad1 Qc5+ 22. Kh1 Rad8 23. Rfe1 g6 24. Rd4 Rxd5 25. Rxc4 Qf2 26. h3 Qxe1+
27. Qxe1 Rd1 28. Qg1 Rxg1+ 29. Kxg1 Rd7 30. Kf2 Kf8 31. Ke3 f5 32. a5 Ke8 33.
a6 bxa6 34. Rc6 Kd8 35. Rxa6 Kc8 36. g4 Kb7 37. Re6 fxg4 38. hxg4 a5 39. f5
gxf5 40. gxf5 Kc7 41. Ra6 Rd5 42. f6 Kd7 43. Ke4 Rg5 44. Ra7+ Ke6 45. Rxh7 Kxf6
46. Rh6+ Ke7 47. Kd4 Kd7 48. Kc4 Kc7 49. Kb3 1/2-1/2

[Event "VI  Miedzynarodowy Festiwal Szachowy   M"]
[Site "Lazy"]
[Date "2010.07.01"]
[Round "6.10"]
[White "Kukula, Pawel"]
[Black "Gluszko, Monika"]
[Result "1-0"]
[WhiteElo "2261"]
[BlackElo "2012"]
[PlyCount "81"]
[EventDate "2010.??.??"]

1. d4 Nf6 2. c4 g6 3. Nc3 d5 4. Bg5 Bg7 5. Nf3 Ne4 6. Bh4 Nxc3 7. bxc3 c6 8. e3
O-O 9. Be2 Nd7 10. cxd5 cxd5 11. O-O Nf6 12. Qb3 b6 13. Nd2 Be6 14. Rfc1 Rc8
15. Ba6 Rc6 16. h3 Ne8 17. Bg3 Nd6 18. a4 g5 19. Nf3 f6 20. Bd3 Qc7 21. Bb5 Rc8
22. Bxc6 Qxc6 23. Bxd6 Qxd6 24. Qb4 Qd7 25. Qb5 Qd6 26. a5 Bd7 27. Qb4 Qe6 28.
axb6 axb6 29. Ra6 Rc6 30. Rb1 g4 31. hxg4 Qxg4 32. Qxe7 Bf8 33. Ra8 Bc8 34. Qd8
Qf5 35. Rxb6 Rxc3 36. Ra1 Be6 37. Rb8 Bc8 38. Nh4 Qe6 39. Rb6 Rc6 40. Rxc6 Qxc6
41. Rb1 1-0